|
|
|
|
| LEADER |
00835nam a2200241 a 4500 |
| 001 |
4509730 |
| 008 |
100112r20031999enka b 001 0 eng d |
| 010 |
|
|
|a 98056183
|
| 020 |
|
|
|a 0415172632 (hb)
|
| 020 |
|
|
|a 0415172640 (pb)
|
| 040 |
|
|
|a DLC
|c DLC
|d DLC
|d BD-DhAAL
|
| 082 |
0 |
0 |
|a 301
|2 21
|
| 100 |
1 |
|
|a Albrow, Martin.
|
| 245 |
1 |
0 |
|a Sociology :
|b the basics /
|c Martin Albrow.
|
| 260 |
|
|
|a London ;
|a New York :
|b Routledge,
|c 2003.
|
| 300 |
|
|
|a xiv, 203 p. :
|b ill. ;
|c 21 cm.
|
| 504 |
|
|
|a Includes bibliographical references and index.
|
| 541 |
1 |
|
|e 00013746
|
| 650 |
|
0 |
|a Sociology.
|
| 852 |
4 |
|
|a Ayesha Abed Library
|j General Shelf.
|
| 942 |
0 |
0 |
|0 2
|
| 999 |
|
|
|c 6941
|d 6941
|
| 952 |
|
|
|0 0
|1 0
|2 ddc
|4 0
|6 301_000000000000000_ALB_2003
|7 0
|9 7174
|a BRACUL
|b BRACUL
|c GEN
|d 2010-01-13
|l 4
|m 26
|o 301 ALB
|p 3010013746
|r 2018-07-10
|s 2018-05-16
|t 1
|w 2010-01-13
|y BK
|